| 000 | 00631nam a2200229Ia 4500 | ||
|---|---|---|---|
| 005 | 20230812114823.0 | ||
| 008 | 131103s9999 xx 000 0 und d | ||
| 020 | _a233960147 | ||
| 040 | _aLoreto College | ||
| 041 | _aEnglish | ||
| 082 |
_a920 _bPHI-PAG |
||
| 100 | _aPage,Bruce | ||
| 245 |
_aPhilby _b the Spy who Betrayed a Generation _cBruce Page, David Leitch and Phillip Knightley; introduction by John Le Carre |
||
| 260 |
_aLondon _bAndre Deutsch _c1968 |
||
| 300 | _a296 p. | ||
| 504 | _aIncludes index | ||
| 650 | _aPhilby | ||
| 651 | _aBiography | ||
| 700 | _aLeitch,David | ||
| 850 | _aLCLIB | ||
| 942 | _cBK | ||
| 999 |
_c13883 _d64362 |
||